Quizzes
Events
Quiz Creation
Community
Videos
Private Events
Remove Ads
Sign In
Join for FREE
Feedback
Dark Mode
Quiz Categories
Sports
Geography
Music
Movies
Television
Just For Fun
Miscellaneous
History
Literature
Language
Science
Gaming
Entertainment
Religion
Holiday
For Kids
Quiz Lab
Recent
Popular Today
Quiz Kudos Today
Editor Picks
Curator Picks
Quizzes by...
Day
Popularity
Type
Ratings
Length
Year
Community
Subscriptions
Recent Discussions
Orange Saloon
Badges
Playlists
Quests
Create
Leaderboards
Showdown
Live 5
Trivia Bingo
Activity
Puzzle Library
Sporcle Events
Private Events
Virtual Trivia
Globe League
Become a Host
Pub Owners
SporcleCon
Opinionation
Our Games
Videos
Blog
Mobile Apps
Partnerships
Remove Ads and Go Orange
Feedback
Movies
Disney
Marvel Cinematic Universe
Movie Resume
Movie Titles
Oscar
Actor
Actress
Director
Pixar
Role
Movie Quotes
Movie Characters
Box Office
Nominee
Best Picture
Star Wars
James Bond
Horror Movies
Movies
Disney
Marvel Cinematic Universe
Movie Resume
Movie Titles
Oscar
Actor
Actress
Director
Pixar
Role
Movie Quotes
Movie Characters
Box Office
Nominee
Best Picture
Star Wars
James Bond
Horror Movies
Random Quiz
Search Sporcle
×
Quiz Lab
Quiz Lab
Movies
Steve
Type in answers that appear in a list
Type in answers that appear in a list
Classic
Best Score? Go Orange.
Steve Carell Movies (images) Stats
Can you name the Steve Carell movies by the images?
By
FarmerBob
4m
16 Questions
2,369 Plays
2,369 Plays
2,369 Plays
Comments
Comments
Give Quiz Kudos
Give Quiz Kudos
-
- Ratings
hide this ad
Forced Order
Answers have to be entered in order
Answers have to be entered in order
Replay
Link that replays current quiz
Next Quiz
Link to next quiz in quiz playlist
You Got
0%
They Got
Avg Score
58%
Avg Friend Score
Upgrade to see
Score Distribution
Jump to the score distribution portion of the page
Score
0/16
Timer
04:00
0
Plays Today
dasf
asdf
% Correct
Column 1
Anchorman: The Legend of Ron Burgundy
91.5%
Column 4
The 40 Year Old Virgin
86.9%
Column 2
Evan Almighty
85.8%
Column 2
Get Smart
76.3%
Column 4
Despicable Me
75.8%
Column 2
Horton Hears a Who!
75.7%
Column 3
Bruce Almighty
71.6%
Column 3
Dinner for Schmucks
66.9%
dasf
asdf
% Correct
Column 2
Date Night
63.1%
Column 3
Little Miss Sunshine
62.6%
Column 4
Threat Level Midnight (The Office)
51.6%
Column 1
Over the Hedge
50.7%
Column 3
Dan in Real Life
50.1%
Column 1
Bewitched
11.2%
Column 1
Sleepover
9.2%
Column 4
Curly Sue
2.5%
Quiz Playlist
Details
Report
Send in Message
Add To Playlist
Classic:
Type in answers that appear in a list
Forced Order:
Answers have to be entered in order
Last Updated: Feb 16, 2017
Quiz Scoreboard
CHALLENGE
Sign Up to Join the Scoreboard
Show All
Scores
Hide
Comments
May contain spoilers
Recently Published
College Basketball Coaching Resumes
by pancakes188
Sports
9m
Billboard Blitz: Fleetwood Mac
by CooCooCachoo
Music
15s
Presidents Visiting Landmarks
by Hejman
History
7m
More to Explore
Quiz From the Vault
Featured Blog Post
Where Did the Easter Bunny Come From?
hide this ad
You Might Also Like...
Tags
asdf
carell
Image Quiz
Steve
Steve Carell
Today's Top Quizzes in Movies
Browse Movies
hide this ad
Today's Top Quizzes in Steve
Browse Steve
Top Contributed Quizzes in Movies
1
Pick 5 Posters: Directed by Spielberg
2
7-to-1: Pixar Characters
3
Pick 5 Posters: Lowest-Rated Spielberg
4
Sorting Actors
5
Sorting Actresses
6
Pick 5 Posters: Directed by Scorsese
7
Pick 5 Posters: Star & Director
8
Pick 5 Posters: Women Directed 2020s
9
12 Movies about Fictional 1960s Events
10
Multi-Oscar Nominations, One Movie, One Winner
Explore More
Trending Topics
Anime
Marvel
Crossword
Disney
Kpop
Harry Potter
NBA
Country
The Office
Pokémon
Soccer
Song
Puzzle
NFL
WWE
hide this ad
More By:
FarmerBob
Quiz
Plays
Rating
Category
Featured
Created
Will Smith Movie by Image
86,893
4.43
Movies
Mar 20, 2011
Mixed Word: Candy Bars
73,876
4.13
Just For Fun
Mar 5, 2011
Adam Sandler Movies by Image
63,926
4.28
Movies
Mar 3, 2011
NBA Carmelo Anthony Trade
46,067
2.80
Sports
Feb 22, 2011
Speed NBA History
5,540
3.93
Sports
Feb 27, 2011
Go to Creator's Profile
Score Distribution
Quiz Creator Spotlight
FarmerBob
Follow
Send a Message
Quizzes Created
-
Created Quiz Play Count
-
More By This Creator
Popular Quizzes Today
1
Find the US States - No Outlines Minefield
2
Find the Countries of Europe - No Outlines Minefield
3
The Countries of the World
4
Find the US States
5
Risky Map Clicking: Biggest States A-Z
6
US States
7
Popular People in 1961
8
Movies - When Are They Set?
More Movies Quizzes
'70s Box Office Hits by Year
Published
Trending Quizzes
Risky Map Clicking: Least Populous States A-Z
1-10 Letter G Words
1-10 Letter F Words
Risky Map Clicking: Next State Alphabetically
Risky Map Clicking: Biggest States A-Z
Recently Updated
Leaping Animals
pecheneg
Reality TV Shows (A-Z)
bhenderson79
Rickey Henderson's Hall of Fame Teammates
pecheneg
Champions League XIs: Arsenal
pecheneg
Quick Pick: Celebrities in WWE's Hall of Fame
aduchscher
A-Z Keypad Blitz II
pecheneg
Multiple Oscar Actors
pecheneg
Mystery Phrase Blitz: Oscar 'Best Actors'
pecheneg
F. Scott Fitzgerald Novels
LTH
Pick 3 Villains
ddd62291
Trending Topics
Crossword
Kpop
Disney
Marvel
Harry Potter
NBA
Anime
The Office
WWE
Puzzle
Pokémon
NFL
Country
Song
Soccer
Your Account Isn't Verified!
In order to create a playlist on Sporcle, you need to verify the email address you used during registration. Go to your
Sporcle Settings
to finish the process.
Report this User
Report this user for behavior that violates our
Community Guidelines
.
Details:
Send Report
Go to the Sporcle.com Mobile Site →
Comments